|
|
|
|
| LEADER |
00000nam0a2200000 4500 |
| 001 |
275006 |
| 005 |
20231101234801.0 |
| 035 |
|
|
|a (RuTPU)RU\TPU\book\298235
|
| 090 |
|
|
|a 275006
|
| 100 |
|
|
|a 20141111d1985 k y0rusy50 ca
|
| 101 |
0 |
|
|a rus
|
| 102 |
|
|
|a RU
|
| 105 |
|
|
|a a z 000zy
|
| 200 |
1 |
|
|a Электронно-лучевой переплав крупных слитков
|f Центральный научно-исследовательский институт технологии и машиностроения (ЦНИИТМАШ) ; науч. ред. Е. Т. Долбенко
|
| 210 |
|
|
|a Москва
|c [Б. и.]
|d 1985
|
| 215 |
|
|
|a 84 с.
|c ил.
|
| 225 |
1 |
|
|a Труды ЦНИИТМАШ
|v № 180
|
| 606 |
1 |
|
|a Электронно-лучевой переплав
|2 stltpush
|3 (RuTPU)RU\TPU\subj\20390
|9 45499
|
| 610 |
1 |
|
|a металлы
|
| 610 |
1 |
|
|a слитки
|
| 610 |
1 |
|
|a опыт
|
| 610 |
1 |
|
|a ГДР
|
| 610 |
1 |
|
|a машиностроение
|
| 610 |
1 |
|
|a инструментальное производство
|
| 610 |
1 |
|
|a опробование
|
| 610 |
1 |
|
|a крупные слитки
|
| 610 |
1 |
|
|a структура
|
| 610 |
1 |
|
|a качество
|
| 610 |
1 |
|
|a химическая однородность
|
| 610 |
1 |
|
|a крупногабаритные изделия
|
| 610 |
1 |
|
|a тепловые процессы
|
| 610 |
1 |
|
|a электронно-лучевые печи
|
| 610 |
1 |
|
|a конструкции
|
| 610 |
1 |
|
|a мощные электронные пушки
|
| 610 |
1 |
|
|a эксплуатационные характеристики
|
| 610 |
1 |
|
|a полупроводниковые источники
|
| 610 |
1 |
|
|a сталь
|
| 610 |
1 |
|
|a выплавка
|
| 610 |
1 |
|
|a оборудование
|
| 610 |
1 |
|
|a автоматизированный контроль
|
| 610 |
1 |
|
|a управление
|
| 675 |
|
|
|a 669.187.5
|v 4
|
| 702 |
|
1 |
|a Долбенко
|b Е. Т.
|4 340
|
| 712 |
0 |
2 |
|a Центральный научно-исследовательский институт технологии и машиностроения (ЦНИИТМАШ)
|c (Москва)
|2 stltpush
|3 (RuTPU)RU\TPU\col\7458
|
| 801 |
|
1 |
|a RU
|b 63413507
|c 20141111
|
| 801 |
|
2 |
|a RU
|b 63413507
|c 20170328
|g RCR
|
| 942 |
|
|
|c BK
|